000 00928nam a2200265 i 4500
003 DO-SdBNP
005 20251009144053.0
007 ta
008 251009b1993 dr ||||| |||| 00| 0 spa d
040 _aDO-SdBNP
_bspa
_cBNPHU
_erda
041 _aspa
082 4 _axxx
_2R175d
_b22
100 _aRamos Messina, Wellington J
_eautor
_4aut.
_97410
245 1 4 _aDel embargo retentivo sus posibles efectos futuros /
_cWellington J. Ramos Messina, Rafael Luciano Pichardo.
264 _aSanto Domingo, República Dominicana :
_bFundación Institucionalidad y Justicia,
_c1993.
300 _a31 páginas ;
_c23 cm.
336 _atexto
_btxt
_2rdacontent
337 _asin mediación
_bn
_2rdamedia
338 _avolumen
_bnc
_2rdacarrier
490 0 _aColección Documentos jurídicos ;
_v2
590 _aInventariado, 2025 / LP
700 _aPichardo, Rafael Luciano
_eautor
_4aut.
_938362
910 _aLoPérez
942 _2ddc
_cLF2
999 _c59931
_d59931